000 00792nam a2200253 i 4500
003 DO-SdBNP
005 20240612134107.0
007 ta
008 240412s2023 dr a 000 j spa d
020 _a9789945223132
040 _aDO-SdBNP
_bspa
_cBNPHU
_erda
082 _bR175
_222
100 _aRamos Miranda, Evelyn
_985082
_eautora
245 1 3 _aEl país de los dulces /
_cEvelyn Ramos M. : ilustraciones Daniel O. Polanco V.
264 1 _aSanto Domingo :
_bBúho,
_c2023.
300 _a19 páginas
_bIlustraciones
_c29 cm.
336 _2rdacontent
_atexto
_btxt
337 _2rdamedia
_asin mediación
_bn
338 _2rdacarrier
_avolumen
_bnc
590 _aInventariado, 2024/ YL
700 1 _aPolanco V., Daniel O.
_eilustraciones
_985202
910 _aYLockward
942 _2ddc
_cLF2
999 _c56359
_d56359